Vista normal
Vista MARC
Entrada Topical Term
Número de registros utilizados en: 2
001 - CONTROL NUMBER
- control field: 65381
003 - CONTROL NUMBER IDENTIFIER
- control field: OSt
005 - DATE AND TIME OF LATEST TRANSACTION
- control field: 20251007150813.0
008 - FIXED-LENGTH DATA ELEMENTS
- fixed length control field: 251007|| aca||aabn | a|a d
040 ## - CATALOGING SOURCE
- Original cataloging agency: OSt
- Transcribing agency: OSt
150 ## - HEADING--TOPICAL TERM
- Topical term or geographic name entry element: Matemáticas recreativas
- Form subdivision: Misceláneas
- General subdivision: Enseñanza
670 ## - SOURCE DATA FOUND
- Source citation: Work cat.: (OSt)59377: Singh, Simon 1964- aut 65380, Los Simpson y las matemáticas /